书目信息 |
| 题名: |
你眼前的古典乐坛明星
|
|
| 作者: | 刘伟 著 | |
| 分册: | ||
| 出版信息: | 北京 人民音乐出版社 2002 |
|
| 页数: | 31,608页 | |
| 开本: | 21cm | |
| 丛书名: | 视听欣赏丛书 | |
| 单 册: | ||
| 中图分类: | K815.76 | |
| 科图分类: | ||
| 主题词: | 古典音乐--音乐家--生平事迹--世界--现代 , CT--S026852--古典音乐 , CT--S088920--音乐家 | |
| 电子资源: | ||
| ISBN: | 7-103-02530-4 | |
| 000 | 00895oam2 2200265 450 | |
| 001 | 002237241 | |
| 005 | 20070806181408.92 | |
| 010 | @a7-103-02530-4@dCNY36.00 | |
| 100 | @a20030123d2002 em y0chiy0110 ea | |
| 101 | 0 | @achi |
| 102 | @aCN@b110000 | |
| 105 | @aa z 000yd | |
| 200 | 1 | @a你眼前的古典乐坛明星@9ni yan qian de gu dian yue tan ming xing@f刘伟著 |
| 210 | @a北京@c人民音乐出版社@d2002 | |
| 215 | @a31,608页@c照片@d21cm | |
| 225 | 2 | @a视听欣赏丛书 |
| 330 | @a本书撰收当今世界乐坛老、中、青三代近150位当红古典音乐明星,其范围涉及弦乐、管乐、打击乐、钢琴、指挥、声乐等几大表演领域。 | |
| 461 | 0 | @1001012002043378@12001 @a视听欣赏丛书 |
| 606 | 0 | @a古典音乐@x音乐家@x生平事迹@y世界@z现代 |
| 606 | 0 | @2CT@3S026852@a古典音乐 |
| 606 | 0 | @2CT@3S088920@a音乐家 |
| 690 | @aK815.76@v4 | |
| 701 | 0 | @a刘伟@9liu wei@4著 |
| 801 | 0 | @aCN@bNLC@c20070806 |
| 905 | @a10447@dK815.76@e115 | |
| 你眼前的古典乐坛明星/刘伟著.-北京:人民音乐出版社,2002 |
| 31,608页:照片;21cm.-(视听欣赏丛书) |
| ISBN 7-103-02530-4:CNY36.00 |
| 本书撰收当今世界乐坛老、中、青三代近150位当红古典音乐明星,其范围涉及弦乐、管乐、打击乐、钢琴、指挥、声乐等几大表演领域。 |
| ● |
| 相关链接 |
|
|
|
|
正题名:你眼前的古典乐坛明星
索取号:K815.76/115
 
预约/预借
| 序号 | 登录号 | 条形码 | 馆藏地/架位号 | 状态 | 备注 |
| 1 | 0804240 | 208042401 | 第二样本阅览室/ [索取号:K815.76/115] | 在馆 | |
| 2 | 0804241 | 208042410 | 第二借阅区/ [索取号:K815.76/115] | 在馆 | |
| 3 | 0804242 | 208042429 | 第二借阅区/ [索取号:K815.76/115] | 在馆 | |
| 4 | 0804243 | 208042438 | 第二借阅区/ [索取号:K815.76/115] | 在馆 | |
| 5 | 0804244 | 208042447 | 第二借阅区/ [索取号:K815.76/115] | 在馆 |